|
|
|
|
| LEADER |
00000cam a2200000 c 4500 |
| 001 |
1450097332 |
| 003 |
DE-627 |
| 005 |
20240506233230.0 |
| 007 |
tu |
| 008 |
130318s2012 is ||||| 00| ||heb c |
| 035 |
|
|
|a (DE-627)1450097332
|
| 035 |
|
|
|a (DE-576)380097338
|
| 035 |
|
|
|a (DE-599)BSZ380097338
|
| 035 |
|
|
|a (OCoLC)840015606
|
| 040 |
|
|
|a DE-627
|b ger
|c DE-627
|e rakwb
|
| 041 |
|
|
|a heb
|
| 044 |
|
|
|c XB-IL
|
| 084 |
|
|
|a 0
|2 ssgn
|
| 245 |
0 |
0 |
|a ʿAravît ṿe-ʿivrît - leshônôt ṿe-tarbûyôt
|c ha-ʿorekh: Avrîʾel Bar-Levav
|
| 246 |
1 |
|
|i Parallelt.
|a Arabic and Hebrew - languages and cultures
|
| 246 |
3 |
3 |
|a Arabic and Hebrew - languages and cultures
|
| 264 |
|
1 |
|a Yerûšālayim
|b Meḵôn Ben-Tsevî le-Heḳer Ḳehîlôt Yiśraʾel ba-Mizraḥ
|c 2012
|
| 300 |
|
|
|a 239, VIII S.
|
| 336 |
|
|
|a Text
|b txt
|2 rdacontent
|
| 337 |
|
|
|a ohne Hilfsmittel zu benutzen
|b n
|2 rdamedia
|
| 338 |
|
|
|a Band
|b nc
|2 rdacarrier
|
| 490 |
1 |
|
|a Peʿamîm
|v 132
|
| 500 |
|
|
|a In hebr. Schr., hebr., mit engl. Inhaltsangabe
|
| 583 |
1 |
|
|a Archivierung/Langzeitarchivierung gewährleistet
|f SSG
|x XA-DE-BW
|2 pdager
|5 DE-21
|
| 700 |
1 |
|
|e Hrsg.
|0 (DE-588)137669194
|0 (DE-627)594832276
|0 (DE-576)304833495
|4 edt
|a Bar-Levav, Avriʾel
|
| 830 |
|
0 |
|a Peʿamim
|v 132
|9 2012,132
|w (DE-627)187996660
|w (DE-576)090828267
|w (DE-600)1267453-9
|x 0334-4088
|7 am
|
| 856 |
4 |
2 |
|u https://swbplus.bsz-bw.de/bsz380097338inh.htm
|m B:DE-576;DE-21
|q application/pdf
|v 20130325111624
|x Verlag
|3 Inhaltsverzeichnis
|7 1
|
| 935 |
|
|
|a mteo
|
| 951 |
|
|
|a BO
|
| ELC |
|
|
|b 1
|
| ITA |
|
|
|a 1
|t 1
|
| LOK |
|
|
|0 000 xxxxxcx a22 zn 4500
|
| LOK |
|
|
|0 001 2741609403
|
| LOK |
|
|
|0 003 DE-627
|
| LOK |
|
|
|0 004 1450097332
|
| LOK |
|
|
|0 005 20160713111640
|
| LOK |
|
|
|0 008 130318||||||||||||||||ger|||||||
|
| LOK |
|
|
|0 040
|a DE-21
|c DE-627
|d DE-21
|
| LOK |
|
|
|0 852
|a DE-21
|
| LOK |
|
|
|0 852 1
|c ZA 9848-132/134.2012/13
|9 00
|
| LOK |
|
|
|0 935
|a vord
|
| LOK |
|
|
|0 938
|a 1303
|f 1
|
| LOK |
|
|
|0 939
|a 18-03-13
|b l01
|
| ORI |
|
|
|a SA-MARC-ixtheoa001.raw
|
| REL |
|
|
|a 1
|
| SUB |
|
|
|a REL
|